Statistics for People by Clue #1

Click here to take the quiz!

General Stats

  • This quiz has been taken 21,966 times
    (7,593 since last reset)
  • The average score is 14 of 22

Answer Stats

Clues Person % Correct
Italy, The Last Supper, PolymathLeonardo da Vinci
92%
Deaf, Ode to Joy, Immortal BelovedLudwig van Beethoven
91%
Liverpool, Imagine, OnoJohn Lennon
89%
Alternating Current, Serbia,
Electric Car
Nikola Tesla
79%
Cambridge, ALS, Black HolesStephen Hawking
77%
Stratford, Bard, TempestWilliam Shakespeare
75%
Beheaded, Cake, OpulenceMarie Antoinette
74%
Serial Monogamy, Gout, TudorKing Henry VIII
73%
The Factory, Studio 54, Soup CansAndy Warhol
70%
Judo, KGB, ShortVladimir Putin
64%
Ego, Vienna, DreamsSigmund Freud
64%
Bodhi Tree, Nirvana, DharmaBuddha
63%
Turtleneck, Pixar, One More Thing ...Steve Jobs
61%
Ear, Pugilism, Tiger OwnerMike Tyson
60%
Friend of Snoop, Compton,
Medical Professional?
Dr. Dre
60%
Chicago, Book Club, Gives Away CarsOprah Winfrey
59%
Sasha Fierce, Obama Inauguration,
Can See Halos
Beyoncé
55%
Winning, Platoon, EstévezCharlie Sheen
52%
Ike, Proud Mary, LegsTina Turner
52%
Hemlock Drinker, Agora Loiterer,
Knew He Knew Nothing
Socrates
51%
Papa, Key West, Lost GenerationErnest Hemingway
45%
Wild West, Get Your Gun,
Little Sure Shot
Annie Oakley
33%

Score Distribution

Percentile by Number Answered

Percent of People with Each Score

Your Score History

You have not taken this quiz since the last reset